Discovering Old Testament origins : (Record no. 818)
[ view plain ]
| 000 -LEADER | |
|---|---|
| fixed length control field | 00676nam a2200193 4500 |
| 008 - FIXED-LENGTH DATA ELEMENTS--GENERAL INFORMATION | |
| fixed length control field | 010206s1992 nyu 1 engYA |
| 020 ## - INTERNATIONAL STANDARD BOOK NUMBER | |
| International Standard Book Number | 0809133229 |
| 090 ## - LOCALLY ASSIGNED LC-TYPE CALL NUMBER (OCLC); LOCAL CALL NUMBER (OCLC) | |
| Classification number (OCLC) (R) ; Classification number, CALL (RLIN) (NR) | BS1239 |
| Local cutter number (OCLC) ; Book number/undivided call number, CALL (RLIN) | R13d |
| 100 1# - MAIN ENTRY--PERSONAL NAME | |
| Personal name | Ralph, Margaret Nutting |
| 245 10 - TITLE STATEMENT | |
| Title | Discovering Old Testament origins : |
| Remainder of title | the books of Genesis, Exodus and Samuel / |
| Statement of responsibility, etc | Margaret Nutting Ralph |
| 260 ## - PUBLICATION, DISTRIBUTION, ETC. (IMPRINT) | |
| Place of publication, distribution, etc | New York : |
| Name of publisher, distributor, etc | Paulist Press, |
| Date of publication, distribution, etc | c1992. |
| 300 ## - PHYSICAL DESCRIPTION | |
| Extent | vi, 319 p. |
| 490 1# - SERIES STATEMENT | |
| Series statement | Discovering the living word series |
| 504 ## - BIBLIOGRAPHY, ETC. NOTE | |
| Bibliography, etc | Includes index. |
| 650 #4 - SUBJECT ADDED ENTRY--TOPICAL TERM | |
| Topical term or geographic name as entry element | Bible. O.T. Exodus |
| General subdivision | Study and teaching |
| 650 #4 - SUBJECT ADDED ENTRY--TOPICAL TERM | |
| Topical term or geographic name as entry element | Bible. O.T. Genesis |
| General subdivision | Study and teaching |
| 650 #4 - SUBJECT ADDED ENTRY--TOPICAL TERM | |
| Topical term or geographic name as entry element | Bible. O.T. Samuel |
| General subdivision | Study and teaching |
| Withdrawn status | Lost status | Damaged status | Not for loan | Home library | Current library | Shelving location | Date acquired | Accession number | Shelving control number | Total Checkouts | Full call number | Date last seen | Price effective from | Koha item type |
|---|---|---|---|---|---|---|---|---|---|---|---|---|---|---|
| BSOP Library | BSOP Library | GC | 12/21/2000 | 23190 | 127 | BS1239/R13d | 02/23/2013 | 02/23/2013 | Books |
